000 02622nam a2200481 a 4500
001 ebr10525094
003 CaPaEBR
006 m u
007 cr cn|||||||||
008 111019s2012 ne b sb 001 0deng d
010 _z 2011042777
020 _z9789004222489 (hardback : alk. paper)
020 _z9789004222496 (e-book)
040 _aCaPaEBR
_cCaPaEBR
035 _a(OCoLC)773566740
043 _ae------
050 1 4 _aPJ4533
_b.B87 2012eb
082 0 4 _a492.407/04
_223
100 1 _aBurnett, Stephen G.
245 1 0 _aChristian Hebraism in the Reformation era (1500-1660)
_h[electronic resource] :
_bauthors, books, and the transmission of Jewish learning /
_cBy Stephen G. Burnett.
260 _aLeiden ;
_aBoston :
_bBrill,
_c2012.
300 _axx, 344 p. :
_bmaps.
490 1 _aLibrary of the written word,
_x1874-4834 ;
_vv. 19
490 1 _aThe handpress world ;
_vv. 13
504 _aIncludes bibliographical references and index.
505 0 _aBirth of a Christian Hebrew reading public -- Hebraist authors and their supporters: centers, peripheries, and the growth of an academic Hebrew culture -- Hebraist authors and the mediation of Jewish scholarship -- Judaica libraries: imagined and real -- The Christian Hebrew book market: printers and booksellers -- Press controls and the Hebraist discourse in Reformation Europe.
533 _aElectronic reproduction.
_bPalo Alto, Calif. :
_cebrary,
_d2012.
_nAvailable via World Wide Web.
_nAccess may be limited to ebrary affiliated libraries.
650 0 _aChristian Hebraists
_zEurope
_xHistory
_y16th century.
650 0 _aChristian Hebraists
_zEurope
_xHistory
_y17th century.
650 0 _aChristian Hebraists
_zEurope
_y16th century
_vBiography.
650 0 _aChristian Hebraists
_zEurope
_y17th century
_vBiography.
650 0 _aJewish learning and scholarship
_zEurope
_xHistory
_y16th century.
650 0 _aJewish learning and scholarship
_zEurope
_xHistory
_y17th century.
650 0 _aChristianity and other religions
_xRelations
_xJudaism
_xHistory
_y16th century.
650 0 _aChristianity and other religions
_xRelations
_xJudaism
_xHistory
_y17th century.
650 0 _aJudaism
_xRelations
_xChristianity
_xHistory
_y16th century.
650 0 _aJudaism
_xRelations
_xChristianity
_xHistory
_y17th century.
655 7 _aElectronic books.
_2local
710 2 _aebrary, Inc.
830 0 _aLibrary of the written word ;
_v19.
830 0 _aLibrary of the written word.
_pHandpress world ;
_v13.
856 4 0 _uhttp://site.ebrary.com/lib/rucke/Doc?id=10525094
_zAn electronic book accessible through the World Wide Web; click to view
999 _c144276
_d144276